000 00684nam a2200229Ia 4500
003 OSt
005 20220925214234.0
006 a|||||r|||| 00| 0
007 ta
008 220923b |||||||| |||| 00| 0 eng d
037 _cGeneral Book
040 _aRTL
_cRTL
_beng
041 _2eng
_aeng
082 _aX:9.3.N30<--M50, M0
100 _aBurgess Keith
_9279681
245 0 _aChallenge of labour
_b Shaping British society 1850
260 _aLondon
_bCroom-Helm UK
_c1980
300 _aix, 269p.
_ccm.
650 _aLabour Economics -- Great Britain
_9248381
942 _hX:9.3.N30<--M50, M0
_cGB
_2CC
999 _c564815
_d564815